[Event "AUT-chT (Women) 2324"]
[Site "Austria"]
[Date "2024.04.12"]
[Round "7.4"]
[White "Marinovic, Sara"]
[Black "Zatonskih, Anna"]
[Result "0-1"]
[WhiteElo "1733"]
[BlackElo "2342"]
[PlyCount "66"]
[EventDate "2023.11.24"]
[EventType "team-tourn"]
[EventRounds "9"]
[EventCountry "AUT"]
[SourceTitle "CB16_2024"]
[SourceDate "2024.04.17"]
[SourceVersion "1"]
[SourceVersionDate "2024.04.17"]
[SourceQuality "1"]
[WhiteTeam "Gamlitz (W)"]
[BlackTeam "Pamhagen (W)"]
[WhiteTeamCountry "AUT"]
[BlackTeamCountry "AUT"]

1. e4 e6 2. d4 d5 3. Nc3 Nf6 4. e5 Nfd7 5. f4 c5 6. Nf3 Nc6 7. Be3 a6 8. Qd2 b5 9. dxc5 Bxc5 10. Bxc5 Nxc5 11. Qf2 Qb6 12. Be2 b4 13. Nb1 a5 14. Nbd2 a4 15. 0-0 0-0 16. Kh1 Ba6 17. Bxa6 Rxa6 18. Ng5 h6 19. Nh3 Ne7 20. g4 Ne4 21. Nxe4 dxe4 22. Qe2 Qb7 23. f5 e3+ 24. Kg1 exf5 25. gxf5 Nxf5 26. Rxf5 Rg6+ 27. Ng5 Qe4 28. Rf3 Rxg5+ 29. Kh1 Rxe5 30. Rg1 Rd8 31. Rgg3 Rd2 32. Qe1 e2 33. Qxd2 e1Q+ 0-1

[Event "AUT-chT U18 rapid"]
[Site "Vienna"]
[Date "2023.10.29"]
[Round "5.4"]
[White "Marinovic, Sara"]
[Black "Pausweg, Daniel"]
[Result "0-1"]
[WhiteElo "1498"]
[BlackElo "1428"]
[PlyCount "92"]
[EventDate "2023.10.29"]
[EventType "team-swiss"]
[EventRounds "7"]
[EventCountry "AUT"]
[SourceTitle "Mega2024 Update 01"]
[Source "Chessbase"]
[SourceDate "2023.11.12"]
[SourceVersion "1"]
[SourceVersionDate "2023.11.12"]
[SourceQuality "1"]
[WhiteTeam "Vienna U18 II"]
[BlackTeam "Niederoesterreich U18"]
[WhiteTeamCountry "AUT"]
[BlackTeamCountry "AUT"]

1. e4 Nf6 2. e5 Nd5 3. d4 d6 4. c4 Nb6 5. exd6 cxd6 6. Nc3 g6 7. Be3 Bg7 8. Bd3 0-0 9. Nge2 Nc6 10. 0-0 Nb4 11. Ng3 Nxd3 12. Qxd3 Be6 13. d5 Bg4 14. h3 Bc8 15. Rad1 Nd7 16. b3 Ne5 17. Qd2 Bxh3 18. Kh2 Bg4 19. f3 Bc8 20. Bh6 b6 21. Rh1 f5 22. Kg1 Rf7 23. Qg5 Bf6 24. Qf4 Bd7 25. Nce2 b5 26. Nd4 Qb6 27. Kf1 bxc4 28. bxc4 Qa6 29. Ne6 Nxc4 30. Ne2 Rc8 31. Qh2 Be5 32. Qh3 Qb6 33. Bg7 Rxg7 34. Nxg7 Bxg7 35. Qxh7+ Kf7 36. Ke1 Qb4+ 37. Kf2 Qc5+ 38. Kg3 Ne3 39. Rc1 Qxd5 40. Rxc8 Bxc8 41. Nf4 Qe5 42. Qxg6+ Kf8 43. Qh7 Nd5 44. Rh4 Qe1+ 45. Kh3 Nxf4+ 46. Rxf4 Qh1+ 0-1

[Event "Fuerstenfeld U18 op 6th"]
[Site "Fuerstenfeld"]
[Date "2023.07.23"]
[Round "7"]
[White "Marinovic, Sara"]
[Black "Poetscher, Katharina"]
[Result "1/2-1/2"]
[WhiteElo "1576"]
[BlackElo "1274"]
[PlyCount "104"]
[EventDate "2023.07.20"]
[EventType "swiss"]
[EventRounds "7"]
[EventCountry "AUT"]
[SourceTitle "CBM 215 Extra"]
[Source "ChessBase"]
[SourceDate "2023.09.30"]
[SourceVersion "1"]
[SourceVersionDate "2023.09.30"]
[SourceQuality "1"]

1. e4 c5 2. Nf3 a6 3. d4 cxd4 4. Nxd4 Nf6 5. Nc3 e5 6. Nf3 Bb4 7. Bd2 Nc6 8. Bd3 d5 9. Qe2 d4 10. Nd1 Bxd2+ 11. Qxd2 h6 12. h3 Be6 13. 0-0 0-0 14. c3 Qd6 15. Re1 Rfd8 16. c4 Rac8 17. Rc1 Nb4 18. b3 Rc7 19. Nxe5 Qxe5 20. Qxb4 Qg5 21. f4 Qxf4 22. Nf2 Nh5 23. Rf1 Qg3 24. Rfd1 Nf4 25. Bf1 Nxh3+ 26. Nxh3 Bxh3 27. Rd3 Qg5 28. Qe1 Bc8 29. Rg3 Qc5 30. Bd3 Re7 31. b4 Qe5 32. Qf2 Re6 33. a4 b6 34. c5 bxc5 35. Rxc5 Qd6 36. Rf3 Qe7 37. Rcf5 Qxb4 38. Rxf7 Qd6 39. Qh4 Rg6 40. Bc4 Be6 41. e5 Qb6 42. Bxe6 Rxe6 43. Rb7 Qxb7 44. Qxd8+ Kh7 45. Qxd4 Rg6 46. Qd3 Qb6+ 47. Kh2 Qe6 48. Qe4 Kg8 49. Qa8+ Kh7 50. Qb8 Rg5 51. Qb1+ Rg6 52. Qb8 Rg5 1/2-1/2

[Event "Fuerstenfeld U18 op 6th"]
[Site "Fuerstenfeld"]
[Date "2023.07.22"]
[Round "5"]
[White "Marinovic, Sara"]
[Black "Librecz, Lenard"]
[Result "1-0"]
[WhiteElo "1576"]
[BlackElo "1365"]
[PlyCount "61"]
[EventDate "2023.07.20"]
[EventType "swiss"]
[EventRounds "7"]
[EventCountry "AUT"]
[SourceTitle "CBM 215 Extra"]
[Source "ChessBase"]
[SourceDate "2023.09.30"]
[SourceVersion "1"]
[SourceVersionDate "2023.09.30"]
[SourceQuality "1"]

1. e4 c5 2. Nf3 g6 3. d4 cxd4 4. Nxd4 Nc6 5. Nc3 Bg7 6. Be3 Nf6 7. Nb3 d6 8. Be2 0-0 9. 0-0 a6 10. a4 Bd7 11. a5 Be6 12. Bb6 Qe8 13. Nd5 Bxd5 14. exd5 Ne5 15. c4 Ned7 16. Be3 Rc8 17. Nd4 Rc7 18. Rc1 Qb8 19. b4 b6 20. Nc6 Qe8 21. axb6 Rb7 22. c5 Nb8 23. Na5 dxc5 24. Nxb7 cxb4 25. Na5 Ne4 26. Qb3 Bc3 27. Nc6 Nxc6 28. dxc6 Qxc6 29. Qxb4 Rc8 30. Qxe7 Re8 31. Qc7 1-0

[Event "Fuerstenfeld U18 op 6th"]
[Site "Fuerstenfeld"]
[Date "2023.07.20"]
[Round "1"]
[White "Marinovic, Sara"]
[Black "Hadrigan, Victoria"]
[Result "1-0"]
[WhiteElo "1576"]
[BlackElo "1053"]
[PlyCount "55"]
[EventDate "2023.07.20"]
[EventType "swiss"]
[EventRounds "7"]
[EventCountry "AUT"]
[SourceTitle "CBM 215 Extra"]
[Source "ChessBase"]
[SourceDate "2023.09.30"]
[SourceVersion "1"]
[SourceVersionDate "2023.09.30"]
[SourceQuality "1"]

1. e4 e5 2. Nf3 Nc6 3. d4 exd4 4. Nxd4 Bc5 5. Be3 Nge7 6. Nxc6 Nxc6 7. Bxc5 b6 8. Be3 0-0 9. Nc3 Re8 10. Qd2 Ne5 11. f3 c6 12. 0-0-0 b5 13. f4 Ng4 14. Bc5 Qa5 15. a3 Qc7 16. e5 a5 17. h3 Nh6 18. Ne4 Ba6 19. Qxd7 Qb8 20. Nd6 Rd8 21. Qxc6 g6 22. Bxb5 Bxb5 23. Qxb5 Qc7 24. Bb6 Qb8 25. Bxd8 Qxd8 26. Nxf7 Qh4 27. Nxh6+ Qxh6 28. Qd5+ 1-0

[Event "AUT-ch U16/18 Girls"]
[Site "St Veit"]
[Date "2023.04.04"]
[Round "4"]
[White "Egger, Stefanie"]
[Black "Marinovic, Sara"]
[Result "1-0"]
[WhiteElo "1695"]
[BlackElo "1556"]
[PlyCount "59"]
[EventDate "2023.04.02"]
[EventType "swiss"]
[EventRounds "7"]
[EventCountry "AUT"]
[SourceTitle "EXT 2024"]
[Source "ChessBase"]
[SourceDate "2023.10.10"]
[SourceVersion "1"]
[SourceVersionDate "2023.10.10"]
[SourceQuality "1"]

1. d4 d5 2. c4 e6 3. g3 Nf6 4. Bg2 Be7 5. Nf3 0-0 6. 0-0 Nbd7 7. Nbd2 c6 8. Qc2 b6 9. e4 dxe4 10. Nxe4 Ba6 11. b3 Nxe4 12. Qxe4 c5 13. Bb2 cxd4 14. Bxd4 Nc5 15. Qe3 Bf6 16. Bxc5 bxc5 17. Rad1 Qc7 18. Rd3 Rad8 19. Rfd1 Rxd3 20. Rxd3 Rd8 21. Rxd8+ Bxd8 22. Qe5 Qb6 23. Ne1 Bf6 24. Qe4 h6 25. Qc6 Qa5 26. Qe8+ Kh7 27. Be4+ g6 28. Qxf7+ Kh8 29. Qxf6+ Kg8 30. Qxe6+ 1-0

[Event "AUT-chT (Women) 2223"]
[Site "Austria"]
[Date "2023.03.04"]
[Round "6.4"]
[White "Kimpel, Janine"]
[Black "Marinovic, Sara"]
[Result "1/2-1/2"]
[WhiteElo "1808"]
[BlackElo "1520"]
[PlyCount "81"]
[EventDate "2022.10.21"]
[EventType "team-tourn"]
[EventRounds "9"]
[EventCountry "AUT"]
[SourceTitle "EXT 2024"]
[Source "ChessBase"]
[SourceDate "2023.10.10"]
[SourceVersion "1"]
[SourceVersionDate "2023.10.10"]
[SourceQuality "1"]
[WhiteTeam "Schach ohne Grenzen (W)"]
[BlackTeam "Wien KJSV (W)"]
[WhiteTeamCountry "AUT"]
[BlackTeamCountry "AUT"]

1. e4 e5 2. Nf3 Nc6 3. Bc4 Nf6 4. d3 Bc5 5. c3 a6 6. Bb3 Ba7 7. Nbd2 d6 8. h3 h6 9. Nf1 Ne7 10. Ng3 Ng6 11. d4 0-0 12. 0-0 Re8 13. Re1 b5 14. Be3 Bb7 15. dxe5 dxe5 16. Bxa7 Rxa7 17. a4 Qa8 18. axb5 axb5 19. Rxa7 Qxa7 20. Qd3 Qb6 21. Nh2 c5 22. c4 Nf4 23. Qe3 Rd8 24. Rd1 Rd4 25. Nf3 bxc4 26. Ba4 Rxd1+ 27. Bxd1 Qd6 28. Ba4 Nd3 29. Nf5 Qa6 30. Bc2 Qa1+ 31. Kh2 Qxb2 32. Bxd3 cxd3 33. Qxd3 Qb6 34. Qc4 Bxe4 35. Ne7+ Kh8 36. Qxf7 Qd6 37. Nh4 Qd8 38. Nhg6+ Bxg6 39. Nxg6+ Kh7 40. Nf8+ Kh8 41. Ng6+ 1/2-1/2

[Event "Vienna State-chB"]
[Site "Vienna"]
[Date "2022.09.18"]
[Round "2"]
[White "Bytyqi, Kujtim"]
[Black "Marinovic, Sara"]
[Result "1-0"]
[WhiteElo "1862"]
[BlackElo "1384"]
[PlyCount "101"]
[EventDate "2022.09.17"]
[EventType "swiss"]
[EventRounds "9"]
[EventCountry "AUT"]
[SourceTitle "CBM 210 Extra"]
[Source "ChessBase"]
[SourceDate "2022.11.30"]
[SourceVersion "1"]
[SourceVersionDate "2022.11.30"]
[SourceQuality "1"]

1. e4 e5 2. Nf3 Nc6 3. Bb5 a6 4. Ba4 Nf6 5. 0-0 b5 6. Bb3 Bc5 7. c3 d6 8. d4 Bb6 9. dxe5 Nxe5 10. Nxe5 dxe5 11. Qxd8+ Kxd8 12. Bxf7 Bb7 13. Rd1+ Ke7 14. Bd5 Bxd5 15. exd5 Ng4 16. Bg5+ Kd6 17. Bh4 Rhf8 18. Rd2 g5 19. Bg3 h5 20. h4 gxh4 21. Bxh4 Nxf2 22. Rxf2 Bxf2+ 23. Bxf2 Kxd5 24. Na3 Rf7 25. c4+ bxc4 26. Rd1+ Ke6 27. Nxc4 e4 28. Rd4 Rf4 29. Bg3 Rg4 30. Bxc7 e3 31. Rd6+ Ke7 32. Nxe3 Re4 33. Nd5+ Kf7 34. Ba5 Rd4 35. Bc3 Rd1+ 36. Kf2 Rf8 37. Rf6+ Ke8 38. Nc7+ Ke7 39. Rxf8 Kxf8 40. Nxa6 Ke7 41. a4 Kd6 42. a5 Kc6 43. Nb4+ Kb5 44. Nc2 Rd8 45. Kg3 Rg8+ 46. Kf3 Re8 47. Nd4+ Ka6 48. b4 Re7 49. b5+ Kb7 50. a6+ Kb6 51. Ba5+ 1-0

[Event "AUT-chT2 (Women) 2122"]
[Site "Austria"]
[Date "2022.04.03"]
[Round "6.3"]
[White "Marinovic, Sara"]
[Black "Amritzer, Martina"]
[Result "0-1"]
[WhiteElo "1046"]
[BlackElo "1571"]
[PlyCount "88"]
[EventDate "2021.10.17"]
[EventType "team-tourn"]
[EventRounds "7"]
[EventCountry "AUT"]
[SourceTitle "EXT 2024"]
[Source "ChessBase"]
[SourceDate "2023.10.10"]
[SourceVersion "1"]
[SourceVersionDate "2023.10.10"]
[SourceQuality "1"]
[WhiteTeam "Wien KJSV (W)"]
[BlackTeam "Steyr (W) II"]
[WhiteTeamCountry "AUT"]
[BlackTeamCountry "AUT"]

1. e4 d5 2. exd5 Nf6 3. d4 Qxd5 4. Nc3 Qd6 5. Bc4 Bg4 6. f3 Bf5 7. Nge2 e6 8. 0-0 Nc6 9. Nb5 Qd7 10. Bf4 Bd6 11. Nxd6+ cxd6 12. Re1 d5 13. Ng3 Bg6 14. Bd3 0-0 15. c3 Nh5 16. Nxh5 Bxh5 17. Qd2 Ne7 18. Qf2 Bg6 19. Bf1 h6 20. Qh4 Bh7 21. Qh3 Rfe8 22. Bxh6 gxh6 23. Qxh6 Nf5 24. Qg5+ Ng7 25. h4 Qe7 26. Qg3 Kf8 27. Qh2 Red8 28. h5 Qd6 29. Qh4 Nf5 30. Qf6 Kg8 31. Bd3 Qe7 32. Qe5 Qf8 33. Kf2 Qg7 34. Qh2 Qh6 35. g4 Qd2+ 36. Kg1 Qxd3 37. gxf5 Qxf5 38. Re5 Qf6 39. Qg3+ Kf8 40. Kh1 Ke7 41. Rae1 Rg8 42. Qh3 Rg5 43. Qf1 Rxe5 44. Rxe5 Qh4+ 0-1

[Event "AUT-ch U16 Girls"]
[Site "St Veit"]
[Date "2021.10.28"]
[Round "6.2"]
[White "Marinovic, Sara"]
[Black "Dodu, Crina Karina"]
[Result "0-1"]
[WhiteElo "1046"]
[BlackElo "1394"]
[PlyCount "60"]
[EventDate "2021.10.25"]
[EventType "swiss"]
[EventRounds "7"]
[EventCountry "AUT"]
[SourceTitle "EXT 2023"]
[Source "ChessBase"]
[SourceDate "2022.10.05"]
[SourceVersion "1"]
[SourceVersionDate "2022.10.05"]
[SourceQuality "1"]

1. e4 e5 2. Nf3 Nc6 3. d4 exd4 4. Bc4 Nf6 5. 0-0 Nxe4 6. Re1 d5 7. Bxd5 Qxd5 8. Nc3 Qa5 9. Nxe4 Be6 10. Bg5 h6 11. Bh4 g5 12. Bg3 0-0-0 13. a3 Bg7 14. b4 Qb5 15. Nc5 Rhe8 16. Rb1 b6 17. a4 Qc4 18. Nd3 f5 19. h3 f4 20. Bh2 Bf8 21. b5 Nb4 22. Nfe5 Qc3 23. Nxb4 Bxb4 24. Nc6 Qxe1+ 25. Qxe1 Bxe1 26. Rxe1 Bd5 27. Rxe8 Rxe8 28. f3 Bxc6 29. bxc6 Re2 30. Kf1 Rxc2 0-1

[Event "AUT-ch U16 Girls"]
[Site "St Veit"]
[Date "2021.10.27"]
[Round "4.3"]
[White "Marinovic, Sara"]
[Black "Sipos, Lili Stella"]
[Result "1-0"]
[WhiteElo "1046"]
[BlackElo "1170"]
[PlyCount "37"]
[EventDate "2021.10.25"]
[EventType "swiss"]
[EventRounds "7"]
[EventCountry "AUT"]
[SourceTitle "EXT 2023"]
[Source "ChessBase"]
[SourceDate "2022.10.05"]
[SourceVersion "1"]
[SourceVersionDate "2022.10.05"]
[SourceQuality "1"]

1. e4 d5 2. exd5 Nf6 3. Nf3 Nxd5 4. Bc4 Nc6 5. 0-0 e5 6. Nxe5 Nxe5 7. Re1 Be7 8. Rxe5 Nf6 9. Nc3 0-0 10. h3 b6 11. d3 h6 12. Qf3 Rb8 13. Qg3 Ne8 14. Rh5 Bf6 15. Bxh6 Qd6 16. Qxd6 Nxd6 17. Nd5 Bxb2 18. Ne7+ Kh7 19. Bc1# 1-0